Yo y Tú
Parte del sistema ontológico del autor que reconoce a las cosas como unas entre muchas otras. El “Yo-Tu” forma otra parte de ese mundo, donde el “Tú eterno” nunca puede ser un “Ello”. En consecuencia, el “Yo” del ser humano deviene doble: “Yo-Tu” y “Yo-Ello”
Сохранить в:
| Главный автор: | |
|---|---|
| Формат: | |
| Язык: | Undetermined |
| Опубликовано: |
Buenos Aires, Argentina
Editorial Nueva Visión
1979
|
| Предметы: | |
| Метки: |
Добавить метку
Нет меток, Требуется 1-ая метка записи!
|
MARC
| LEADER | 00000nam a2200000Ia 4500 | ||
|---|---|---|---|
| 008 | 170316s9999 xx 000 0 und d | ||
| 040 | |a cru BVZT | ||
| 090 | |a 100 B-64y | ||
| 100 | |a Buber, Martin |9 1555 | ||
| 245 | |a Yo y Tú |c / Martin Buber | ||
| 260 | |a Buenos Aires, Argentina |b Editorial Nueva Visión |c 1979 | ||
| 300 | |a 106 p. | ||
| 520 | |a Parte del sistema ontológico del autor que reconoce a las cosas como unas entre muchas otras. El “Yo-Tu” forma otra parte de ese mundo, donde el “Tú eterno” nunca puede ser un “Ello”. En consecuencia, el “Yo” del ser humano deviene doble: “Yo-Tu” y “Yo-Ello” | ||
| 650 | |a FILOSOFÍA SOCIAL |9 1556 | ||
| 999 | |c 15787 |d 15787 | ||
| 942 | |c 15 D |h 100 B-64y |2 z | ||
